000 00471nam a2200169Ia 4500
008 240729s9999 xx 000 0 und d
022 _a2949-8341
245 0 _aBrain Behavior & Immunity: Integrative
260 _aUnited States
260 _bElsevier
650 _a Internal medicine
650 _a Other systems of medicine | Medicine
650 _aMedicine
856 _uhttps://doaj.org/toc/297780e77e0042539e7508b7b71dc090
942 _2ddc
942 _cDOAJEJ
999 _c73388
_d73388
945 _a1
_bMadushi Gamage
_c1
_dMadushi Gamage